书目信息 |
| 题名: |
哲学解释学
|
|
| 作者: | 加达默尔 著 ;夏镇平 , 宋建平 译 | |
| 分册: | ||
| 出版信息: | 上海 上海译文出版社 2004 |
|
| 页数: | 239页 | |
| 开本: | 21cm | |
| 丛书名: | 二十世纪西方哲学译丛 | |
| 单 册: | ||
| 中图分类: | B516.59 | |
| 科图分类: | ||
| 主题词: | 解释学 | |
| 电子资源: | ||
| ISBN: | 7-5327-3519-2 | |
| 000 | 01611nam0 2200385 450 | |
| 000 | 01574nam0 2200373 450 | |
| 000 | 01537nam0 2200361 450 | |
| 000 | 01536nam0 2200373 450 | |
| 000 | 01482nam0 2200349 450 | |
| 000 | 01478nam0 2200337 450 | |
| 000 | 01441nam0 2200325 45 | |
| 001 | TS-090778 | |
| 005 | 20061204092107.92 | |
| 010 | @a7-5327-3519-2@dCNY24.00 | |
| 100 | @a20060829d2004 em y0chiy0110 ea | |
| 101 | 1 | @achi@beng@cger |
| 102 | @aCN@b310000 | |
| 105 | @aa z 000yy | |
| 200 | 1 | @a哲学解释学@AZhe Xue Jie Shi Xue@f(德)汉斯-格奥尔格·加达默尔(Hans-Georg Gadamer)著@F( De ) Han Si - Ge Ao Er Ge· Jia Da Mo Er (Hans-Georg Gadamer) Zhu@g夏镇平,宋建平译 |
| 210 | @a上海@c上海译文出版社@d2004 | |
| 215 | @a239页@c照片@d21cm | |
| 225 | 2 | @a二十世纪西方哲学译丛 |
| 305 | @a原书版权属德国J·C·B·莫尔(保罗·西贝克)出版社所有 中文版版权属上海译文出版社所有 据美国加利福尼亚大学出版社1976年英译本译出 | |
| 330 | @a本书收集了作者在其经典巨著《真理与方法》出版之后所写的重要论文13篇,对哲学解释学的基本原理作了进一步的阐述,并对哲学解释学与其他哲学流派的关系进行论析。 | |
| 410 | 0 | @12001 @a二十世纪西方哲学译丛 |
| 510 | 1 | @aPhilosophical Hermeneutics@zeng |
| 606 | 0 | @a解释学 |
| 690 | @aB516.59@v4 | |
| 701 | 0 | @c(德)@a加达默尔@AJia Da Mo Er@c(Gadamar, Hans-Georg@f1900~2002)@4著 |
| 702 | 0 | @a夏镇平@AXia Zhen Ping@4译 |
| 702 | 0 | @a宋建平@ASong Jian Ping@c(哲学)@4译 |
| 801 | 0 | @aCN@b中图数据@c20061204 |
| 905 | @a10447@dB516.59@e110 | |
| 哲学解释学/(德)汉斯-格奥尔格·加达默尔(Hans-Georg Gadamer)著/夏镇平,宋建平译.-上海:上海译文出版社,2004 |
| 239页:照片;21cm.-(二十世纪西方哲学译丛) |
| ISBN 7-5327-3519-2:CNY24.00 |
| 本书收集了作者在其经典巨著《真理与方法》出版之后所写的重要论文13篇,对哲学解释学的基本原理作了进一步的阐述,并对哲学解释学与其他哲学流派的关系进行论析。 |
| ● |
| 相关链接 |
|
|
|
|
正题名:哲学解释学
索取号:B516.59/110
 
预约/预借
| 序号 | 登录号 | 条形码 | 馆藏地/架位号 | 状态 | 备注 |
| 1 | 0611406 | 206114060 | 第一样本阅览室/ [索取号:B516.59/110] | 在馆 | |
| 2 | 0611407 | 206114079 | 第一借阅区/ [索取号:B516.59/110] | 在馆 | |
| 3 | 0611408 | 206114088 | 第一借阅区/ [索取号:B516.59/110] | 在馆 |